| Type | Year | Name | % Correct |
|---|---|---|---|
| Film | 1988 | Die Hard | 98%
|
| Film | 1990 | Die Hard 2 | 94%
|
| Film | 1995 | Die Hard with a Vengeance | 74%
|
| Film | 1999 | The Sixth Sense | 68%
|
| Film | 1994 | Pulp Fiction | 65%
|
| Film | 1998 | Armageddon | 57%
|
| Film | 1995 | 12 Monkeys | 52%
|
| Film | 2013 | A Good Day to Die Hard | 52%
|
| Film | 2010 | The Expendables | 52%
|
| TV Show | 2000 | F•R•I•E•N•D•S | 50%
|
| Film | 2010 | Red | 50%
|
| Film | 2000 | Unbreakable | 50%
|
| Film | 2007 | Live Free or Die Hard | 49%
|
| Film | 1997 | The Fifth Element | 49%
|
| Video Game | 1998 | The Fifth Element | 49%
|
| Film | 2012 | The Expendables 2 | 48%
|
| TV Show | 1985-1989 | Moonlighting | 45%
|
| Film | 2013 | Red 2 | 45%
|
| Film | 2019 | Glass | 44%
|
| Film | 1991 | Hudson Hawk | 38%
|
| Film | 2016 | Split | 36%
|
| Film | 2012 | Looper | 34%
|
| Film | 2000 | The Whole Nine Yards | 34%
|
| Film | 1991 | The Last Boy Scout | 33%
|
| TV Show | 1988, 1989, 2013 | Saturday Night Lived | 31%
|
| Film | 2004 | The Whole Ten Yards | 31%
|
| Film | 1997 | The Jackal | 28%
|
| Film | 1989 | Look Who's Talking | 27%
|
| Film | 1992 | Death Becomes Her | 26%
|
| Film | 2000 | Disney's The Kid | 25%
|
| Film | 1990 | Look Who's Talking Too | 25%
|
| Film | 2005 | Sin City | 24%
|
| Film | 1998 | Mercury Rising | 23%
|
| Film | 2003 | Tears of the Sun | 23%
|
| Film | 2006 | Over the Hedge | 22%
|
| Film | 1987 | Blind Date | 21%
|
| Film | 2002 | Hart's War | 21%
|
| Film | 2004 | Ocean's Twelve | 21%
|
| Film | 2005 | Hostage | 20%
|
| Film | 1996 | Last Man Standing | 20%
|
| Film | 2009 | Surrogates | 20%
|
| Film | 2006 | 16 Blocks | 19%
|
| Film | 2018 | Death Wish | 19%
|
| Film | 1993 | Striking Distance | 19%
|
| Film | 2012 | Moonrise Kingdom | 18%
|
| Film | 2006 | Lucky Number Slevin | 17%
|
| Film | 1990 | The Bonfire of the Vanities | 17%
|
| Film | 2001 | Bandits | 15%
|
| Film | 2013 | G.I. Joe: Retaliation | 15%
|
| Film | 1994 | North | 15%
|
| Film | 2007 | Grindhouse: Planet Terror | 14%
|
| TV Show | 1984 | Miami Vice | 14%
|
| Film | 2010 | Cop Out | 13%
|
| Film | 2014 | Sin City: A Dame to Kill For | 12%
|
| Film | 1998 | The Siege | 12%
|
| Film | 1994 | Nobody's Fool | 11%
|
| Film | 1992 | The Player | 11%
|
| Film | 2006 | Alpha Dog | 10%
|
| Film | 1999 | Breakfast of Champions | 10%
|
| Film | 1995 | Four Rooms | 10%
|
| Film | 2019 | Motherless Brooklyn | 10%
|
| Film | 1993 | National Lampoon's Loaded Weapon 1 | 10%
|
| Film | 1996 | Beavis and Butt-Head Do America | 9%
|
| Film | 1991 | Billy Bathgate | 9%
|
| Film | 2012 | Fire with Fire | 9%
|
| Film | 1989 | In Country | 9%
|
| Film | 1991 | Mortal Thoughts | 9%
|
| Film | 2017 | Once Upon a Time in Venice | 9%
|
| Film | 2007 | Perfect Stranger | 9%
|
| Film | 2003 | Rugrats Go Wild | 9%
|
| Film | 1988 | Sunset | 9%
|
| Film | 1999 | The Story of Us | 9%
|
| Film | 1982 | The Verdict | 9%
|
| Film | 2020 | Breach | 8%
|
| Film | 2003 | Charlie's Angels: Full Throttle | 8%
|
| Film | 2021 | Midnight in the Switchgrass | 8%
|
| Film | 2019 | The Lego Movie 2: The Second Part | 8%
|
| TV Film | 1987 | The Return of Bruno | 8%
|
| Film | 2021 | Apex | 7%
|
| Film | 2023 | Assassin | 7%
|
| Film | 2011 | Catch .44 | 7%
|
| Film | 1994 | Color of Night | 7%
|
| Film | 2021 | Cosmic Sin | 7%
|
| Film | 2021 | Fortress | 7%
|
| Film | 2022 | Paradise City | 7%
|
| Film | 2016 | Precious Cargo | 7%
|
| TV Show | 2005 | That '70s Show | 7%
|
| Film | 2012 | The Cold Light of Day | 7%
|
| Film | 1980 | The First Deadly Sin | 7%
|
| Film | 2014 | The Prince | 7%
|
| TV Show | 1985 | The Twilight Zone | 7%
|
| Film | 2022 | A Day to Die | 6%
|
| Film | 2021 | Deadlock | 6%
|
| Film | 2017 | First Kill | 6%
|
| Film | 2022 | Gasoline Alley | 6%
|
| Film | 2016 | Marauders | 6%
|
| Film | 2007 | Nancy Drew | 6%
|
| Film | 2015 | Rock the Kasbah | 6%
|
| Film | 2011 | Setup | 6%
|
| Film | 2021 | Survive the Game | 6%
|
| TV Special | 2018 | The Comedy Central Roast of Bruce Willis | 6%
|
| Film | 2022 | Vendetta | 6%
|
| Film | 2008 | What Just Happened | 6%
|
| Film | 2022 | White Elephant | 6%
|
| Film | 2022 | Wrong Place | 6%
|
| Film | 2018 | Acts of Violence | 5%
|
| TV Show | 1999 | Ally McBeal | 5%
|
| Film | 2021 | American Siege | 5%
|
| Film | 2023 | Detective Knight: Independence | 5%
|
| Film | 2022 | Detective Knight: Redemption | 5%
|
| Film | 2022 | Detective Knight: Rogue | 5%
|
| Film | 2015 | Extraction | 5%
|
| Film | 2006 | Fast Food Nation | 5%
|
| Film | 2002 | Grand Champion | 5%
|
| Film | 2020 | Hard Kill | 5%
|
| Film | 2012 | Lay the Favorite | 5%
|
| TV Show | 1997 | Mad About You | 5%
|
| Theater | 2015-2016 | Misery | 5%
|
| Film | 2018 | Reprisal | 5%
|
| TV Show | 1989 | Roseanne | 5%
|
| Film | 2020 | Survive the Night | 5%
|
| Film | 2007 | The Astronaut Farmer | 5%
|
| Film | 2019 | Trauma Center | 5%
|
| Film | 2015 | Vice | 5%
|
| Film | 2022 | Wire Room | 5%
|
| Film | 2019 | 10 Minutes Gone | 4%
|
| TV Film | 1980 | A Guru Comes | 4%
|
| Video Game | 1998 | Apocalypse | 4%
|
| Film | 2008 | Assassination of a High School President | 4%
|
| TV Show | 1996-1997 | Bruno the Kid | 4%
|
| Film | 2022 | Corrective Measures | 4%
|
| Film | 2022 | Fortress: Sniper's Eye | 4%
|
| Short Film | 2006 | Hammy's Boomerang Adventure | 4%
|
| TV Show | 2008, 2009 | Late Show with David Letterman | 4%
|
| Film | 2021 | Out of Death | 4%
|
| Music Video | 2010 | Stylo | 4%
|
| Film | 1989 | That's Adequate | 4%
|
| Short Film | 2011 | The Black Mamba | 4%
|
| Film | 2002 | The Crocodile Hunter: Collision Course | 4%
|
| Documentary | 2006 | The Hip Hop Project | 4%
|
| TV Show | 2019 | The Orville | 4%
|
| Theater | 2001 | True West | 4%
|
| TV Film | 2002 | True West | 4%
|
| Theater | 1983-1985 | Fool for Love | 3%
|
| Film | 1981 | Prince of the City | 3%
|
| Commercial | 2013 | Sky Broadband | 3%
|
| Commercial | 2013 | Honda | 2%
|
| Commercial | 1986 | Levi's Jeans | 2%
|
| Commercial | 1986-1988 | Seagram's Wine Coolers | 2%
|
| Commercial | 1992-1994, 2005 | Subaru Legacy | 2%
|
| Commercial | 2001 | VISA | 2%
|
| Film | 1978 | Ziegfeld: The Man and His Women | 2%
|
| Commercial | 2020 | DieHard Car Batteries | 1%
|
| Commercial | 2020 | HELL Energy Drink | 1%
|
| Commercial | 1991 | NTT DoCoMa Mova | 1%
|
| Commercial | 2010 | Sobieski Vodka | 1%
|
| Documentary Series | 2006, 2007 | America's Game: The Superbowl Champions | 0%
|
| TV Documentary | 2013 | Bruce Willis: Why the Legend Never Dies | 0%
|
| Video Game | 2014 | Family Guy: The Quest for Stuff | 0%
|
| Film | 1983 | Finding the Goodbar Killer | 0%
|
| Short Film | 1999 | Franky Goes to Hollywood | 0%
|
| TV Special | 2000 | Hollywood Salutes Bruce Willis: An American Cinematheque Tribute | 0%
|
| Commercial | 2014 | Kowa's Powered Coffee | 0%
|
| TV Special | 2006 | That '70s Show Special: The Final Goodbye | 0%
|
| TV Special | 2018 | Tony Bennett: The Library of Congress Gershwin Prize for Popular Song | 0%
|